00294nam a2200133Ia 4500003000500000008004100005040001900046082000700065100001700072245002300089260002900112300000700141546001200148STCL181203s9999 xx 000 0 und d aSTCLbENcSTCL 222 aDesai, Anita 4aThe Peacock Garden bHeinemann aLondonc1979 a63 aEnglish